000 00766cam a2200265Ia 4500
008
020 _a0333620968 (pbk.)
049 _aMAIN
090 _aTH145
_bSEE
100 1 _aSeeley, Ivor H.
245 1 0 _aBuilding technology /
_cIvor H. Seeley.
250 _a5th ed.
260 _aHoundmills, Basingstoke :
_bMacmillan,
_c1995.
300 _axiv, 336 p. :
_bill. ;
_c26 cm.
440 0 _aMacmillan building and surveying series.
504 _aIncludes bibliographical references.
500 _aIncludes index.
650 0 _aBuilding.
653 0 _aBuildings
_aConstruction.
907 _a.b10001992
_b25-10-17
_c17-04-03
003
005 20230123134121.0
040 _cNUST
942 _cBOOKS
_kTH145
_mSEE
999 _c160319
_d160319